Pendidikan falsafah sains Al-Quran

Bibliographic Details
Main Authors: Yahaya Jusoh (Author), Azhar Muhammad (Author)
Format: Book
Language:Malay
Published: Skudai, Johor : Penerbit Universiti Teknologi Malaysia 2007
Subjects:

MARC

LEADER 00000cam a2200000 7i4500
001 0000027959
005 20180605.0
008 180409 my may
020 |a 9789835204425 
040 |a INS   |b eng   |e rda 
090 0 0 |a BP134.S3   |b Y343 2007 
100 0 |a Yahaya Jusoh ,   |e author 
245 1 0 |a Pendidikan falsafah sains Al-Quran   |c Yahaya Jusoh, Azhar Muhammad 
264 1 |a Skudai, Johor :   |b Penerbit Universiti Teknologi Malaysia   |c 2007 
264 4 |a ©2007 
300 |a xii, 267 pages ;   |c 23 cm. 
336 |a text  |2 rdacontent 
337 |a unmediated  |2 rdamedia 
338 |a volume  |2 rdacarrier 
500 |a Contain verses from Qur'an 
500 |a Include index 
504 |a Includes bibliographical references : pages [261]-264 
650 0 |a Islam and science 
650 0 |a Islamic education 
650 0 |a Qur'an and science 
700 0 |a Azhar Muhammad ,   |e author 
999 |a 1000003414   |b BOOK   |c Open Shelf   |e Default branch 
999 |a 1000003415   |b BOOK   |c Open Shelf   |e Default branch